Statistics for 'The Big Bang Theory' Characters' Names

Click here to take the quiz!

General Stats

  • This quiz has been taken 550 times
  • The average score is 31 of 50

Answer Stats

HintAnswer% Correct
Socially-challenged theoretical physicist with two PhDsSheldon
100%
Lactose intolerant experimental physicist with asthmaLeonard
98%
Waitress at 'The Cheesecake Factory' and neighbour of the above two physicistsPenny
97%
Indian astrophysicist who owns a Yorkshire terrierRajesh
96%
Cooper
95%
Engineer and astronaut with a Masters degreeHoward
95%
Neuroscientist who's in a relationship with the theoretical physicistAmy
93%
Micro microbiologist who's married to the engineerBernadette
91%
Owner of a local comic-book shop/storeStuart
88%
Wolowitz
85%
Fowler
83%
Farrah
82%
Described by her son as a 'religious nut', this fundamentalist Christian is the mother of the theoretical physicistMary
81%
This actor from 'Star Trek' eventually befriends the theoretical physicistWil
80%
Wheaton
77%
Colleague of the three main physicists and engineer with a strong speech impedimentBarry
76%
Lee
75%
Violin-playing colleague of the experimental physicist from the early seriesLeslie
75%
Kripke
73%
This successful attorney is sister to the astrophysicistPriya
73%
Famous psychiatrist and neuroscientist as well as mother of the experimental physicistBeverly
71%
Koothrappali
71%
Intellectually-challenged ex-boyfriend of the waitressZack
70%
Twin sister of the theoretical physicistMissy
69%
Winkle
69%
Hofstadter
68%
Rostenkowski
61%
Kim
60%
Kim
60%
Rostenkowski-Wolowitz
59%
Bloom
57%
Woman with social problems who briefly dates the astrophysicistLucy
55%
North Korean spy who seduced the experimental physicistJoyce
53%
Joel
52%
Intimidating ex-boyfriend of the waitress from whom two of the physicists have to retrieve a TVKurt
51%
Student and secretary of the theoretical physicistAlex
47%
Former police officer and father of the microbiologistMike
45%
Gablehauser
43%
Maryann
41%
Medical doctor who was briefly in a relationship with the experimental physicistStephanie
38%
Johnson
36%
Leakey
35%
Former head of Caltech's Physics Department, Doctor...Eric
32%
President of the California Institute of Technology, President...Siebert
32%
Ramayan
31%
North-Korean child prodigy by whom the theoretical physicist feels challngedDennis
27%
Barnett
24%
Attractive woman who briefly lives in the apartment above the theoretical and experimental physicists'Alicia
21%
Jensen
21%
Nurse who appears briefly in several episodes of the show and the only character besides the theoretical and experimental physicists to be carried over from the original unaired pilot episodeAlthea
5%

Score Distribution

Percentile by Number Answered

Percent of People with Each Score

Your Score History

You have not taken this quiz